Les communes de France avec plus de 20 000 habitants - Statistiques

Statistiques générales
  • Ce quiz a été pris 568 fois
    528 depuis la dernière actualisation
  • Le résultat moyen est 174 sur 487
Statistiques - réponses
Population Département Ville % Correct
2 190 327 Paris Paris
97%
516 492 Métropole de Lyon Lyon
96%
863 310 Bouches-du-Rhône Marseille
96%
479 820 Haute-Garonne Toulouse
96%
340 317 Alpes-Maritime Nice
95%
254 123 Gironde Bordeaux
94%
232 516 Nord Lille
94%
285 121 Hérault Montpellier
94%
309 810 Loire-Atlantique Nantes
94%
280 301 Bas-Rhin Strasbourg
94%
216 812 Ille-et-Vilaine Rennes
93%
156 432 Côte-d'Or Dijon
91%
140 122 Finistère Brest
90%
158 561 Isère Grenoble
90%
171 687 Var Toulon
90%
143 415 Puy-du-Dôme Clermont-Ferrand
89%
170 354 Seine-Maritime Le Havre
89%
110 145 Seine-Maritime Rouen
89%
172 782 Loire Saint-Etienne
89%
116 342 Moselle Metz
88%
150 563 Gard Nîmes
88%
147 932 Réunion Saint-Denis
88%
152 847 Maine-et-Loire Angers
87%
105 302 Calvados Caen
87%
54 372 Vendée La Roche-sur-Yon
87%
182 361 Marne Reims
87%
142 054 Bouches-du-Rhône Aix-en-Provence
86%
104 404 Meurthe-et-Moselle Nancy
86%
134 425 Somme Amiens
85%
126 584 Haute-Savoie Annecy
84%
142 697 Sarthe Le Mans
84%
116 514 Loiret Orléans
84%
135 995 Indre-et-Loire Tours
84%
85 822 Yvelines Versailles
84%
77 130 Pyrénées-Atlantique Pau
83%
120 964 Pyrénées-Orientales Perpignan
83%
88 291 Vienne Poitiers
83%
147 873 Métropole de Lyon Villeurbanne
83%
91 921 Vaucluse Avignon
82%
115 632 Doubs Besançon
82%
41 527 Ain Bourg-en-Bresse
82%
20 667 Hauts-de-Seine Bourges-la-Reine
82%
132 101 Haute-Vienne Limoges
82%
87 353 Nord Dunkerque
81%
75 213 Charente-Maritimes La Rochelle
81%
109 443 Hauts-Rhin Mulhouse
81%
63 408 Drôme Valence
81%
73 911 Pas-de-Calais Calais
80%
62 918 Finistère Quimper
80%
73 684 Alpes-Maritimes Cannes
79%
69 112 Haut-Rhin Colmar
79%
70 650 Corse-du-Sud Ajaccio
78%
79 200 Manche Cherbourg-en-Contentin
78%
58 919 Savoie Chambéry
77%
111 358 Seine-Saint-Denis Saint-Denis
77%
120 045 Hauts-de-Seine Boulogne-Billancourt
76%
40 874 Pas-de-Calais Boulogne-sur-Mer
76%
96 518 Nord Roubaix
76%
46 083 Aude Carcassonne
75%
77 177 Hérault Béziers
74%
68 090 Essonne Evry-Courcouronnes
74%
80 041 Martinique Fort-de-France
74%
57 149 Morbihan Lorient
74%
53 352 Morbihan Vannes
74%
51 228 Pyrénées-Atlantique Bayonne
73%
69 993 Loire-Atlantique Saint-Nazaire
73%
45 717 Haute-Corse Bastia
72%
46 097 Ille-et-Vilaine Saint-Malo
72%
61 562 Aube Troyes
72%
95 105 Hauts-de-Seine Nanterre
71%
97 368 Nord Tourcoing
71%
61 282 Guyane Cayenne
70%
90 605 Val-de-Marne Créteil
70%
47 656 Territoire de Belfort Belfort
69%
40 895 Hautes-Alpes Gap
69%
52 543 Bouches-du-Rhône Arles
68%
41 095 Pas-de-Calais Arras
68%
34 627 Yonne Auxerre
68%
43 741 Indre Châteauroux
68%
58 767 Deux-Sèvres Niort
68%
101 909 Nouvelle Calédonie Nouméa
68%
44 372 Côte-d'Armor Saint-Brieuc
68%
45 096 Saône-et-Loire Chalon-sur-Saône
67%
84 212 Réunion Saint-Pierre
67%
56 234 Oise Beauvais
66%
64 551 Cher Bourges
66%
31 415 Pas-de-Calais Lens
66%
25 404 Pyrénées-Atlantique Biarritz
65%
49 782 Mayenne Laval
65%
60 810 Tarn-et-Garonne Montauban
65%
54 700 Aude Narbonne
65%
49 026 Tarn Albi
64%
41 760 Charente Angoulême
64%
72 909 Alpes-Maritimes Antibes
64%
65 177 Val-d'Oise Cergy
64%
40 997 Seine-et-Marne Melun
64%
53 640 Seine-Saint-Denis Bobigny
63%
46 428 Ardennes Charleville-Mézières
63%
38 548 Eure-et-Loire Chartres
63%
46 086 Loire-et-Cher Blois
62%
47 733 Eure Évreux
62%
41 518 Haute-Pyrénées Tarbes
62%
43 336 Nord Valenciennes
62%
33 638 Lot-et-Garonne Agen
61%
46 916 Corrèze Brive-la-Gaillarde
61%
104 519 Réunion Saint-Paul
61%
62 984 Nord Villeneuve-d'Ascq
61%
28 958 Alpes-Maritimes Menton
60%
62 050 Val-de-Marne Ivry-sur-Seine
59%
71 413 Mayotte Mamoudzou
59%
29 966 Dordogne Périgueux
59%
53 818 Aisne Saint-Quentin
59%
110 265 Val-d'Oise Argenteuil
58%
32 990 Nièvre Nevers
58%
43 229 Hérault Sète
58%
86 375 Seine-Saint-Denis Aubervilliers
57%
24 876 Aisne Laon
57%
109 887 Seine-Saint-Denis Montreuil
57%
31 740 Vosges Épinal
56%
52 672 Var Fréjus
56%
53 917 Maine-et-Loire Cholet
55%
68 352 Hauts-de-Seine Issy-les-Moulineaux
55%
33 809 Saône-et-Loire Mâcon
55%
19 645 Allier Moulins
55%
39 097 Drôme Montélimar
54%
28 919 Vaucluse Orange
54%
41 636 Tarn Castres
53%
44 773 Marne Chalons-en-Champagne
53%
29 555 Landes Mont-de-Marsan
53%
43 137 Bouches-du-Rhône Istres
52%
64 332 Hauts-de-Seine Levallois-Perret
52%
54 991 Seine-et-Marne Meaux
52%
60 589 Hauts-de-Seine Neuilly-sur-Seine
52%
30 783 Val-d'Oise Pontoise
52%
40 219 Gard Alès
51%
20 681 Landes Dax
51%
70 105 Gironde Mérignac
51%
65 894 Métropole de Lyon Vénissieux
51%
24 199 Allier Vichy
51%
40 199 Oise Compiègne
50%
39 701 Nord Douai
50%
55 588 Var Hyères
50%
62 520 Hauts-de-Seine Antony
49%
29 342 Isère Vienne
49%
46 210 Bouches-du-Rhône Aubagne
48%
85 740 Seine-Saint-Denis Aulnay-sous-Bois
48%
19 878 Lot Cahors
48%
61 132 Hauts-de-Seine Clichy
48%
22 523 Isère Fontaine
48%
50 368 Alpes-Maritimes Grasse
48%
35 653 Allier Montluçon
48%
24 012 Aveyron Rodez
48%
25 414 Charente-Maritimes Saintes
48%
36 857 Rhône Villefranche-sur-Saône
48%
25 848 Orne Alençon
47%
25 470 Cantal Aurillac
47%
34 366 Loire Roanne
47%
58 587 Val-d'Oise Sarcelles
47%
39 340 Var Draguignan
46%
78 295 Réunion Le Tampon
46%
48 188 Bouches-du-Rhône Martigues
46%
44 017 Vendée Les Sables-d'Olonne
45%
50 260 Hauts-de-Seine Montrouge
45%
23 378 Val-de-Marne Orly
45%
63 808 Gironde Pessac
45%
78 195 Hauts-de-Seine Rueil-Malmaison
45%
35 042 Var Saint-Raphaël
45%
40 701 Moselle Thionville
45%
54 773 Val-de-Marne Villejuif
45%
26 833 Dordogne Bergerac
44%
84 177 Hauts-de-Seine Colombes
44%
24 845 Gironde Libourne
44%
44 279 Yvelines Mantes-la-Jolie
44%
71 318 Seine-Saint-Denis Drancy
43%
31 044 Eure-et-Loire Dreux
43%
57 482 Seine-Saint-Denis Pantin
43%
35 712 Haute-Savoie Annemasse
42%
21 935 Gers Auch
42%
81 720 Hauts-de-Seine Courbevoie
42%
26 734 Maine-et-Loire Saumur
42%
34 756 Haute-Savoie Thonon-les-Bains
42%
49 853 Val-de-Marne Vincennes
42%
85 191 Hauts-de-Seine Asnières-sur-Seine
41%
21 031 Côte d'Or Beaune
41%
77 409 Val-de-Marne Champigny-sur-Marne
41%
35 657 Oise Creil
41%
29 080 Seine-Maritime Dieppe
41%
23 708 Jura Dole
40%
28 530 Aisne Soissons
40%
93 557 Val-de-Marne Vitry-sur-Seine
40%
32 558 Nord Cambrai
39%
50 833 Essonne Massy
39%
32 851 Val-de-Marne Nogent-sur-Marne
39%
26 244 Tahiti Papeete
39%
26 736 Yvelines Rambouillet
39%
25 937 Yonne Sens
39%
41 543 Métropole de Lyon Bron
38%
63 963 Var La-Seyne-sur-Mer
38%
24 057 Charente-Maritime Rochefort
38%
44 753 Yvelines Saint-Germain-en-Laye
38%
45 582 Bouches-du-Rhône Salon-de-Provence
38%
52 932 Val-de-Marne Fontenay-sous-bois
37%
44 645 Hauts-de-Seine Puteaux
37%
51 128 Seine-Saint-Denis Saint-Ouen-sur-Seine
37%
53 353 Seine-Saint-Denis Bondy
36%
51 292 Essonne Corbeil-Essonnes
36%
25 301 Doubs Montbéliard
36%
74 542 Val-de-Marne Saint-Maur-des-Fossés
36%
32 679 Yvelines Trappes
36%
24 517 Haute-Garonne Blagnac
35%
32 920 Bouches-du-Rhônes Marignane
35%
35 554 Saint-Martin Saint-Martin
35%
38 486 Isère Saint-Martin-d'Hères
35%
25 903 Cher Vierzon
35%
28 309 Vaucluse Carpentras
34%
25 685 Guyane Kourou
34%
43 054 Seine-Saint-Denis La Courneuve
34%
21 945 Haute-Marne Chaumont
33%
20 418 Ille-et-Villaine Fougères
33%
56 987 Seine-Saint-Denis Le-Blanc-Mesnil
33%
35 514 Essonne Palaiseau
33%
33 160 Drôme Romans-sur-Isère
33%
28 609 Hérault Agde
32%
35 686 Seine-Saint-Denis Bagnolet
32%
55 665 Val-de-Marne Maisons-Alfort
32%
45 523 Hauts-de-Seine Meudon
32%
22 109 Aveyron Millau
32%
68 658 Seine-Saint-Denis Noisy-le-Grand
32%
53 365 Réunion Saint-Louis
32%
21 177 Haut-Rhin Saint-Louis
32%
52 971 Hauts-de-Seine Clamart
31%
19 880 Côtes-d'Armor Lannion
31%
37 144 Yvelines Poissy
31%
37 808 Réunion Saint-Benoît
31%
48 620 Hauts-de-Seine Suresnes
31%
22 946 Somme Abbeville
30%
43 881 Val-de-Marne Alfortville
30%
31 840 Vienne Châtellerault
30%
36 840 Isère Échirolles
30%
46 907 Hauts-de-Seine Gennevilliers
30%
20 318 Calvados Lisieux
30%
44 136 Seine-Saint-Denis Noisy le Sec
30%
51 108 Seine-Saint-Denis Sevran
30%
42 606 Gironde Talence
30%
49 568 Métropole de Lyon Vaulx-en-Velin
30%
33 110 Bouches-du-Rhône Vitrolles
30%
24 845 Pas-de-Calais Béthune
29%
43 187 Métropole de Lyon Caluire-et-Cuire
29%
24 091 Essonne Étampes
29%
34 507 Bas-Rhin Haguenau
29%
35 174 Bouches-du-Rhône La Ciotat
29%
23 045 Seine-Saint-Denis Les Lilas
29%
30 767 Hauts-de-Seine Malakoff
29%
29 944 Nord Maubeuge
29%
29 964 Hauts-de-Seine Saint-Cloud
29%
54 906 Seine-et-Marne Chelles
28%
22 671 Marne Épernay
28%
55 593 Seine-Saint-Denis Épinay-sur-Seine
28%
33 810 Réunion Sainte-Marie
28%
51 978 Yvelines Sartrouville
28%
38 929 Pyrénées-Atlantique Anglet
27%
40 963 Hauts-de-Seine Bagneux
27%
50 992 Alpes-Maritimes Cagnes-sur-Mer
27%
53 491 Guadeloupe Les Abymes
27%
56 268 Réunion Saint-André
27%
46 228 Loire-Atlantique Saint-Herblain
27%
21 552 Moselle Forbach
26%
41 478 Alpes-Maritimes Le Cannet
26%
31 189 Val-de-Marne L'Haÿ-les-Roses
26%
41 411 Loire-Atlantique Rezé
26%
20 783 Moselle Sarreguemines
26%
22 568 Seine-et-Marne Torcy
26%
29 745 Savoie Aix-les-Bains
25%
36 902 Hauts-de-Seine Châtillon
25%
38 951 Haute-Garonne Colomiers
25%
42 728 Val-d'Oise Garges-lès-Gonesse
25%
37 983 Indre-et-Loire Joué-lès-Tours
25%
22 427 Ain Oyonnax
25%
28 601 Gironde Bègles
24%
34 993 Seine-Saint-Denis Neuilly-sur-Marne
24%
46 207 Métropole de Lyon Saint-Priest
24%
28 239 Hauts-de-Seine Bois-Colombes
23%
25 292 Val-de-Marne Le Kremlin Bicêtre
23%
24 945 Haute-Garonne Muret
23%
27 672 Hauts-de-Seine Vanves
23%
28 663 Essonne Grigny
22%
21 630 Saône-et-Loire Le Creusot
22%
34 128 Réunion Le Port
22%
26 239 Hérault Lunel
22%
38 720 Seine-Saint-Denis Stains
22%
30 253 Yvelines Chatou
21%
32 968 Yvelines Montigny-le-Bretonneux
21%
21 602 Val-d'Oise Montigny-lès-Cormeilles
21%
46 207 Seine-Saint-Denis Rosny-sous-Bois
21%
34 967 Loire Saint-Chamond
21%
24 010 Haute-Marne Saint-Dizier
21%
22 619 Val-de-Marne Saint-Mandé
21%
29 169 Hauts-de-Seine La-Garenne-Colombes
20%
31 419 Yvelines Plaisir
20%
31 854 Bas-Rhin Schiltigheim
20%
26 641 Vaucluse Cavaillon
19%
45 531 Val-de-Marne Choisy-le-Roi
19%
44 437 Seine-Saint-Denis Livry-Gargan
19%
38 617 Nord Marcq-en-Barœul
19%
38 328 Seine-et-Marne Pontault-Combault
19%
23 507 Hauts-de-Seine Sèvres
19%
32 829 Var Six-Fours-les-Plages
19%
36 180 Seine-Saint-Denis Tremblay-en-France
19%
36 830 Seine-Saint-Denis Villepinte
19%
20 043 Isère Voiron
19%
21 501 Val-de-Marne Arcueil
18%
28 367 Isère Bourgoin-Jallieu
18%
26 528 Essonne Brétigny-sur-Orge
18%
25 208 Essonne Les Ulis
18%
26 273 Métropole de Lyon Oullins
18%
27 567 Seine-Saint-Denis Romainville
18%
23 645 Guadeloupe Saint-Anne
18%
31 069 Val-de-Marne Cachan
17%
30 374 Val-de-Marne Charenton-le-Pont
17%
35 846 Yvelines Conflans-Sainte-Honorine
17%
27 802 Val-de-Marne Fresnes
17%
25 999 Val-d'Oise Gonesse
17%
26 022 Pas-de-Calais Hénin Beaumont
17%
32 792 Yvelines Les Mureaux
17%
22 333 Alpes-de-Haute-Provence Manosque
17%
31 093 Essonne Viry-Châtillon
17%
19 085 Loire-Atlantique Carquefou
16%
29 349 Seine-Saint-Denis Clichy-sous-Bois
16%
39 358 Seine-Saint-Denis Gagny
16%
29 100 Hauts-de-Seine Le Plessis-Robinson
16%
20 206 Val-de-Marne Le Plessis-Trévise
16%
22 452 Alpes-Maritimes Mandelieu-la-Napoule
16%
40 985 Nord Wattrelos
16%
28 602 Métropole de Lyon Décines-Charpieu
15%
19 975 Rhône Givors
15%
30 785 Pas-de-Calais Liévin
15%
21 150 Seine-Saint-Denis Neuilly-Plaisance
15%
26 355 Loire-Atlantique Orvault
15%
28 421 Alpes-Maritimes Saint-Laurent-du-Var
15%
22 036 Yvelines Vélizy-Villacoublay
15%
31 989 Yvelines Houilles
14%
25 698 Seine-Maritime Le Grand-Quevilly
14%
33 829 Val-de-Marne Le-Perreux-sur-Marne
14%
33 470 Métropoles de Lyon Meyzieu
14%
26 732 Seine-Saint-Denis Montfermeil
14%
33 567 Réunion Saint-Leu
14%
36 533 Essonne Savigny-sur-Orge
14%
26 472 Val-de-Marne Sucy-en-Brie
14%
24 882 Nord Armentières
13%
33 268 Hauts-de-Seine Châtenay-Malabry
13%
20 520 Hauts-de-Seine Chaville
13%
36 762 Val-d'Oise Franconville
13%
21 221 Essonne Longjumeau
13%
30 012 Métropole de Lyon Rillieux-la-Pape
13%
37 644 Réunion Saint-Joseph
13%
22 297 Métropole de Lyon Tassin-la-Demi-Lune
13%
29 017 Val-de-Marne Thiais
13%
30 002 Meurthe-et-Moselle Vandoeuvre-lès-Nancy
13%
30 094 Tahiti Faaa
12%
28 325 Yvelines Guyancourt
12%
21 444 Nord Hazebrouck
12%
21 461 Val-d'Oise Montmorency
12%
31 145 Gironde Saint-Médard-en-Jalles
12%
26 838 Loire-Atlantique Saint-Sébastien-sur-Loire
12%
34 058 Gironde Villenave-d'Ornon
12%
33 518 Val-de-Marne Villeneuve-Saint-Georges
12%
29 029 Essonne Yerres
12%
20 033 Puy-du-Dôme Cournon-d'Auvergne
11%
30 637 Val-d'Oise Goussainville
11%
21 995 Seine-Maritime Le Petit-Quevilly
11%
26 470 Bouches-du-Rhône Miramas
11%
30 306 Seine-Saint-Denis Pierrefitte-sur-Seine
11%
29 225 Essonne Ris-Orangis
11%
26 894 Haute-Garonne Tournefeuille
11%
21 187 Bouches-du-Rhône Allauch
10%
20 622 Vendée Challans
10%
29 112 Val-d'Oise Ermont
10%
22 762 Hérault Frontignan
10%
20 794 Bouches-du-Rhône Gardanne
10%
21 379 Essonne Gif-sur-Yvette
10%
25 489 Gironde Gradignan
10%
26 780 Bas-Rhin Illkirch-Graffenstaden
10%
22 728 Morbihan Lanester
10%
26 078 Gironde La Teste-de-Buch
10%
31 164 Yvelines Le Chesnay-Rocquencourt
10%
39 809 Martinique Le Lamentin
10%
23 538 Gironde Lormont
10%
36 207 Essonne Sainte-Geneviève-des-Bois
10%
28 641 Seine-Maritime Saint-Étienne-du-Rouvray
10%
29 997 Seine-et-Marne Savigny-le-Temple
10%
28 985 Seine-Maritime Sotteville-lès-Rouen
10%
23 518 Eure Vernon
10%
30 512 Seine-Saint-Denis Villemomble
10%
20 480 Nord Wasquehal
10%
34 347 Essonne Athis-Mons
9%
24 729 Gironde Cenon
9%
21 045 Nord Croix
9%
25 097 Val-d'Oise Eaubonne
9%
21 152 Gironde Gujan-Mestras
9%
33 020 Réunion La Possession
9%
22 012 Métropole de Lyon Sainte-Foy-lès-Lyon
9%
24 218 Loire-Atlantique Vertou
9%
24 482 Hauts-de-Seine Villeneuve-la-Garenne
9%
21 017 Yvelines Achères
8%
19 975 Drôme Bourg-lès-Valence
8%
27 378 Seine-et-Marne Bussy-Saint-Georges
8%
19 825 Nord Denain
8%
25 402 Yvelines Élancourt
8%
22 954 Calvados Hérouville-Saint-Clair
8%
25 126 Var La Garde
8%
21 356 Seine-et-Marne Lagny-sur-Marne
8%
22 233 Nord Loos
8%
21 951 Loiret Olivet
8%
26 672 Alpes-Maritimes Vallauris
8%
28 434 Val-de-Marne Villiers-sur-Marne
8%
28 641 Essonne Draveil
7%
22 966 Nord Grande-Synthe
7%
20 966 Yvelines La Celle-Saint-Cloud
7%
23 669 Yvelines Maisons-Lafitte
7%
19 931 Seine-et-Marne Mitry-Mory
7%
21 217 Métropole de Lyon Saint-Genis-Laval
7%
26 653 Val-d'Oise Sannois
7%
27 645 Val-d'Oise Villiers-le-Bel
7%
30 929 Guadeloupe Baie-Mahault
6%
29 398 Val-d'Oise Bezons
6%
21 831 Pas-de-Calais Bruay-la-Buissière
6%
20 520 Hérault Castelnau-le-Lez
6%
24 041 Seine-et-Marne Champs-sur-Marne
6%
21 372 Loire-Atlantique Couëron
6%
21 173 Nord La Madeleine
6%
27 649 Nord Lambersart
6%
23 884 Var La Valette-du-Var
6%
22 719 Martinique Le Robert
6%
23 941 Seine-Saint-Denis Les Pavillons-sous-Bois
6%
21 046 Bouches-du-Rhône Les Pennes-Mirabeau
6%
20 419 Yvelines Mantes-la-Ville
6%
20 782 Nord Mons-en-Barœul
6%
20 022 Oise Nogent-sur-Oise
6%
20 380 Vaucluse Pertuis
6%
22 994 Seine-et-Marne Roissy-en-Brie
6%
25 412 Maine-et-Loire Sèvremoine
6%
26 441 Val-d'Oise Taverny
6%
21 384 Val-de-Marne Villeneuve-le-Roi
6%
22 383 Seine-et-Marne Combs-la-Ville
5%
32 290 Nouvelle Calédonie Dumbéa
5%
23 462 Gironde Eysines
5%
21 026 Loiret Fleury-les-Aubrais
5%
24 564 Hauts-de-Seine Fontenay-aux-Roses
5%
19 608 Loire-Atlantique La Chapelle-sur-Erdre
5%
23 403 Gironde Le Bouscat
5%
23 972 Essonne Montgeron
5%
20 682 Val-d'Oise Saint-Gratien
5%
23 505 Réunion Saint-Suzanne
5%
31 514 Essonne Vigneux-sur-Seine
5%
26 322 Seine-et-Marne Villeparisis
5%
25 669 Essonne Brunoy
4%
20 131 Essonne Chilly-Mazarin
4%
22 306 Val-d'Oise Deuil-la-Barre
4%
32 158 Mayotte Koungou
4%
26 736 Guadeloupe Le Gosier
4%
27 228 Val-de-Marne Limeil-Brévannes
4%
20 331 Seine-et-Marne Ozoir-la-Ferrière
4%
24 087 Val-d'Oise Saint-Ouen-l'Aumône
4%
19 997 Martinique Schœlcher
4%
23 228 Maine-et-Loire Beaupréau en Mauges
3%
21 392 Maine-et-Loire Chemillé-en-Anjou
3%
24 161 Val-d'Oise Cormeilles-en-Parisis
3%
21 134 Nord Coudekerque-Branche
3%
21 835 Seine-et-Marne Dammarie-les-Lys
3%
20 800 Nord Halluin
3%
29 348 Val-d'Oise Herblay-sur-Seine
3%
31 956 Guyane Matoury
3%
20 108 Vendée Montaigu-Vendée
3%
21 819 Moselle Montigny-lès-Metz
3%
20 909 Essonne Morsang-sur-Orge
3%
19 758 Essonne Saint-Michel-sur-Orge
3%
20 818 Seine-et-Marne Le Mée-sur-Seine
2%
22 150 Guadeloupe Le Moule
2%
20 126 Val-de-Marne Le Plessis-Trévise
2%
20 181 Seine-et-Marne Montereau-Fault-Yonne
2%
25 122 Guyane Remire-Montjoly
2%
22 835 Nouvelle Calédonie Lifou
1%
24 333 Guadeloupe Petit-Bourg
1%
20 751 Loiret Saint-Jean-de-Braye
1%
22 064 Lot-et-Garonne Villeuneuve-sur-Lot
1%
27 939 Nouvelle Calédonie Le Mont-Dore
0%
28 290 Tahiti Puna'auia
0%
Aucun quiz correspondant
Distribution des résultats
% des personnes avec chaque résultat
Percentile par nombre de réponses
Votre historique - résultats
Vous n’avez pas pris ce quiz depuis la dernière actualisation